| 000 | 01153nam a22002537a 4500 | ||
|---|---|---|---|
| 999 |
_c330279 _d330279 |
||
| 003 | Nust | ||
| 005 | 20180125094222.0 | ||
| 008 | 170113b xxu||||| |||| 00| 0 eng d | ||
| 020 | _a9780070187757 | ||
| 040 | _c.0 | ||
| 082 | _a651.7 MUR | ||
| 100 |
_aMurphy,Herta A. _92784 |
||
| 245 |
_aEffective Business Communication _cHerta A Murphy |
||
| 250 | _a7th ed. | ||
| 260 |
_aNew Delhi: _bMcGraw-Hil; _c1997. |
||
| 300 |
_a619p:, _b24 cm. |
||
| 500 | _apaperback. | ||
| 942 |
_cREF _2ddc _kIESE |
||